Estudio integral del sistema productivo de las lavanderias Zeledón Venegas y Central de la C.C.S.S : diagnóstico y diseño
محفوظ في:
| المؤلف الرئيسي: | |
|---|---|
| مؤلفون آخرون: | , |
| التنسيق: | كتاب |
| منشور في: |
San José, Costa Rica
1991
|
| الموضوعات: | |
| الوسوم: |
إضافة وسم
لا توجد وسوم, كن أول من يضع وسما على هذه التسجيلة!
|
MARC
| LEADER | 00000nam a2200000Ia 4500 | ||
|---|---|---|---|
| 003 | 007399 | ||
| 005 | 20221231144303.0 | ||
| 008 | 140114s1991 c a m 000 ||s d | ||
| 040 | |c cru CEDI | ||
| 090 | |a TFG 3115 | ||
| 100 | |a Cocozza Camacho, Irene |9 11293 | ||
| 245 | |a Estudio integral del sistema productivo de las lavanderias Zeledón Venegas y Central de la C.C.S.S : diagnóstico y diseño | ||
| 260 | |c 1991 |a San José, Costa Rica | ||
| 300 | |a xx, [339] hojas : ilustraciones ; 28 cm. | ||
| 500 | |a Proyecto de graduacion (licenciatura en ingenieria industrial)--Universidad de Costa Rica. Facultad de Ingeniería. Escuela de Ingenieria Industrial | ||
| 650 | |x Caja Costarricense del Seguro Social. Lavandería Alfonso Zeledón Venegas - ADMINISTRACION |x CAJA COSTARRICENSE DE SEGURO SOCIAL (SAN JOSE).. LAVANDERIA CENTRAL - ADMINISTRACION |9 11296 | ||
| 700 | |9 11294 |a Molina Masís, Pamela | ||
| 700 | |9 11295 |a Murillo Echeverría, María Amalia | ||
| 942 | |c TFG | ||
| 999 | |c 19614 |d 19614 | ||
